00461 a2200157 450000500170000001000150001702000290003203500140006103700160007508200110009110000150010224500580011726000560017527000500023130000220028120211214115659.0 aENG-130302 c149.00a978-93259-7415-9 aEN-113834 bDBAD / PUB a658.42 aRao, V S P aBusiness, Entrepreneurship and Management:bV S P Rao bVikas Publishing House Pvt ltdc2013aUttar Pradesh aE-28, Sector-28, NoidabUttar Pradeshe201301 a229p.c24cm (pbk)